East wind over Africa: (Record no. 13267)
[ view plain ]
| 000 -LEADER | |
|---|---|
| fixed length control field | 01036cam a22002891 4500 |
| 001 - CONTROL NUMBER | |
| control field | 10334832 |
| 005 - DATE AND TIME OF LATEST TRANSACTION | |
| control field | 20080822083310.0 |
| 008 - FIXED-LENGTH DATA ELEMENTS--GENERAL INFORMATION | |
| fixed length control field | 711104s1965 nyu |r 001 0 eng |
| 010 ## - LIBRARY OF CONGRESS CONTROL NUMBER | |
| LC control number | 65022132 |
| 035 ## - SYSTEM CONTROL NUMBER | |
| System control number | (OCoLC)168739 |
| 040 ## - CATALOGING SOURCE | |
| Original cataloging agency | DLC |
| Transcribing agency | OUrC |
| Modifying agency | OCoLC |
| -- | DLC |
| 042 ## - AUTHENTICATION CODE | |
| Authentication code | premarc |
| 050 00 - LIBRARY OF CONGRESS CALL NUMBER | |
| Classification number | DT38.9.C5 |
| Item number | C65 |
| 082 ## - DEWEY DECIMAL CLASSIFICATION NUMBER | |
| Edition number | 22 |
| Classification number | 327.51096 |
| Item number | COO |
| 100 1# - MAIN ENTRY--PERSONAL NAME | |
| Personal name | Cooley, John K., |
| Dates associated with a name | 1927-2008. |
| 9 (RLIN) | 10919 |
| 245 10 - TITLE STATEMENT | |
| Title | East wind over Africa: |
| Remainder of title | Red China's African Offensive/ |
| Statement of responsibility, etc | John K. Cooley |
| 260 ## - PUBLICATION, DISTRIBUTION, ETC. (IMPRINT) | |
| Place of publication, distribution, etc | New York: |
| Name of publisher, distributor, etc | Walker, 1965 |
| Date of publication, distribution, etc | 1965 |
| 300 ## - PHYSICAL DESCRIPTION | |
| Extent | viii, 246 p. |
| Other physical details | map. |
| 500 ## - GENERAL NOTE | |
| General note | Donated by: Alaa Abdel Ghany |
| 504 ## - BIBLIOGRAPHY, ETC. NOTE | |
| Bibliography, etc | Includes bibliography: p. 236-240 and index |
| 650 #0 - SUBJECT ADDED ENTRY--TOPICAL TERM | |
| Topical term or geographic name as entry element | Communism |
| Geographic subdivision | Africa. |
| 9 (RLIN) | 10920 |
| 650 #0 - SUBJECT ADDED ENTRY--TOPICAL TERM | |
| Topical term or geographic name as entry element | Communist strategy. |
| 9 (RLIN) | 10921 |
| 651 #0 - SUBJECT ADDED ENTRY--GEOGRAPHIC NAME | |
| Geographic name | China |
| General subdivision | Foreign relations |
| Geographic subdivision | Africa. |
| 9 (RLIN) | 10922 |
| 651 #0 - SUBJECT ADDED ENTRY--GEOGRAPHIC NAME | |
| Geographic name | Africa |
| General subdivision | Foreign relations |
| Geographic subdivision | China. |
| 9 (RLIN) | 10923 |
| 942 ## - ADDED ENTRY ELEMENTS (KOHA) | |
| Source of classification or shelving scheme | Dewey Decimal Classification |
| Item type | Book - Borrowing |
| Withdrawn status | Item status | Source of classification or shelving scheme | Damaged status | Not for loan | Vendor | Home library | Current library | Shelving location | Date acquired | Source of acquisition | Total Checkouts | Total Renewals | Full call number | Barcode | Date last seen | Date last borrowed | Koha item type |
|---|---|---|---|---|---|---|---|---|---|---|---|---|---|---|---|---|---|
| Dewey Decimal Classification | Central Library | Central Library | First floor | 03/02/2010 | Donation | 1 | 17 | 327.51096 COO | 000019445 | 13/11/2025 | 07/02/2017 | Book - Borrowing |